[Event "72. Bulgaria ch"]
[Site "Plovdiv BUL"]
[Date "2008.03.22"]
[Round "11.6"]
[White "Tsvetkov, Ilia"]
[Black "Janev, Evgeni"]
[Result "1-0"]
[WhiteElo "2352"]
[BlackElo "2485"]
[PlyCount "95"]
[EventDate "2008.03.14"]
[EventType "tourn"]
[EventRounds "13"]
[EventCountry "BUL"]
[EventCategory "8"]
[Source "lmi"]
[SourceDate "2008.03.14"]

1. c4 e5 2. Nc3 Nf6 3. Nf3 d6 4. d4 exd4 5. Nxd4 g6 6. g3 Bg7 7. Bg2 O-O 8. O-O
Nbd7 9. b3 a5 10. Bb2 Nc5 11. Qc2 c6 12. Rad1 Qb6 13. Rd2 a4 14. Rfd1 Re8 15.
h3 axb3 16. axb3 h5 17. e3 Bd7 18. Kh2 Re7 19. Ra1 Rxa1 20. Bxa1 Ne8 21. Nce2
Nf6 22. Nc3 Re8 23. Rd1 Ra8 24. Bb2 Ne8 25. Nce2 Na6 26. Nc1 Nb4 27. Qd2 Na6
28. Bc3 Nc5 29. Qb2 Qa7 30. Nc2 Bxc3 31. Qxc3 Bf5 32. Nd4 Qa1 33. Qe1 Bd7 34.
Nd3 Qa2 35. Nxc5 dxc5 36. Ne2 Bf5 37. e4 Be6 38. Nf4 Ng7 39. Qe3 Qa5 40. h4 Qb6
41. Bh3 Bxh3 42. Kxh3 Ra2 43. Kg2 Rb2 44. Rd3 Qa5 45. Nh3 Ne6 46. Ng5 Nxg5 47.
Qxg5 Kg7 48. Qe5+ 1-0

[Event "72. Bulgaria ch"]
[Site "Plovdiv BUL"]
[Date "2008.03.22"]
[Round "11.7"]
[White "Spasov, Vasil"]
[Black "Petkov, Vladimir"]
[Result "1/2-1/2"]
[WhiteElo "2579"]
[BlackElo "2434"]
[PlyCount "67"]
[EventDate "2008.03.14"]
[EventType "tourn"]
[EventRounds "13"]
[EventCountry "BUL"]
[EventCategory "8"]
[Source "lmi"]
[SourceDate "2008.03.14"]

1. e4 e5 2. Nf3 Nc6 3. Bc4 Bc5 4. c3 Nf6 5. d3 a6 6. O-O Ba7 7. Nbd2 O-O 8. Bb3
d5 9. exd5 Nxd5 10. Nc4 f6 11. Be3 Kh8 12. Bxa7 Rxa7 13. Ne3 Nf4 14. d4 exd4
15. cxd4 Nxd4 16. Nxd4 Qxd4 17. Qf3 Ng6 18. Rad1 Qf4 19. Qd5 b6 20. Rd4 Qe5 21.
Rfd1 Qxd5 22. Nxd5 c5 23. R4d2 b5 24. Nb6 Re7 25. Nxc8 Rxc8 26. Rd8+ Re8 27.
Rxc8 Rxc8 28. Be6 Re8 29. g3 Nf8 30. Bh3 Kg8 31. Kf1 Kf7 32. Rd6 Ra8 33. b3 Ra7
34. Rc6 1/2-1/2

[Event "72. Bulgaria ch"]
[Site "Plovdiv BUL"]
[Date "2008.03.23"]
[Round "12.1"]
[White "Kozhuharov, Spas"]
[Black "Petkov, Vladimir"]
[Result "1/2-1/2"]
[WhiteElo "2456"]
[BlackElo "2434"]
[PlyCount "61"]
[EventDate "2008.03.14"]
[EventType "tourn"]
[EventRounds "13"]
[EventCountry "BUL"]
[EventCategory "8"]
[Source "lmi"]
[SourceDate "2008.03.14"]

1. e4 e5 2. Nf3 Nc6 3. Bb5 Nf6 4. O-O Nxe4 5. d4 Nd6 6. Bxc6 dxc6 7. dxe5 Nf5
8. Qxd8+ Kxd8 9. Nc3 Ke8 10. h3 b6 11. b3 a5 12. Bb2 h5 13. a4 Ba6 14. Rfd1 Bb4
15. Nd4 Nxd4 16. Rxd4 Rd8 17. Rxd8+ Kxd8 18. Ne4 Bc8 19. Rd1+ Ke8 20. e6 Rg8
21. exf7+ Kxf7 22. Ng5+ Ke7 23. Nf3 Bf5 24. Nd4 Bd7 25. Rd3 Bd6 26. Re3+ Kf7
27. Nf3 Bf5 28. Ne5+ Bxe5 29. Bxe5 Re8 30. Bxc7 Rxe3 31. fxe3 1/2-1/2

[Event "72. Bulgaria ch"]
[Site "Plovdiv BUL"]
[Date "2008.03.23"]
[Round "12.2"]
[White "Janev, Evgeni"]
[Black "Spasov, Vasil"]
[Result "1/2-1/2"]
[WhiteElo "2485"]
[BlackElo "2579"]
[PlyCount "35"]
[EventDate "2008.03.14"]
[EventType "tourn"]
[EventRounds "13"]
[EventCountry "BUL"]
[EventCategory "8"]
[Source "lmi"]
[SourceDate "2008.03.14"]

1. e4 c5 2. c3 Nf6 3. e5 Nd5 4. Nf3 e6 5. d4 cxd4 6. cxd4 d6 7. a3 Bd7 8. Bd3
Bc6 9. O-O Nd7 10. b4 a6 11. Re1 Rc8 12. Nbd2 Nc3 13. Qb3 Ba4 14. Qb2 Nd1 15.
Qb1 Nc3 16. Qb2 Nd1 17. Qb1 Nc3 18. Qb2 1/2-1/2

[Event "72. Bulgaria ch"]
[Site "Plovdiv BUL"]
[Date "2008.03.23"]
[Round "12.3"]
[White "Mladenov, Plamen"]
[Black "Tsvetkov, Ilia"]
[Result "1-0"]
[WhiteElo "2288"]
[BlackElo "2352"]
[PlyCount "47"]
[EventDate "2008.03.14"]
[EventType "tourn"]
[EventRounds "13"]
[EventCountry "BUL"]
[EventCategory "8"]
[Source "lmi"]
[SourceDate "2008.03.14"]

1. c4 e6 2. g3 d5 3. Bg2 c6 4. Nf3 dxc4 5. O-O b5 6. a4 Bb7 7. b3 cxb3 8. Qxb3
a6 9. d4 Nf6 10. Rd1 Nbd7 11. Ne5 Nxe5 12. dxe5 Nd7 13. Nc3 Qb8 14. Ne4 Nb6 15.
Ba3 Nc4 16. Bxf8 Rxf8 17. Rac1 Nxe5 18. Nd6+ Ke7 19. Qb4 a5 20. Nf5+ Kf6 21.
Qh4+ g5 22. Qh6+ Ng6 23. Qg7+ Kxf5 24. e4+ 1-0

[Event "72. Bulgaria ch"]
[Site "Plovdiv BUL"]
[Date "2008.03.23"]
[Round "12.5"]
[White "Iotov, Valentin"]
[Black "Lilov, Valeri"]
[Result "0-1"]
[WhiteElo "2485"]
[BlackElo "2323"]
[PlyCount "96"]
[EventDate "2008.03.14"]
[EventType "tourn"]
[EventRounds "13"]
[EventCountry "BUL"]
[EventCategory "8"]
[Source "lmi"]
[SourceDate "2008.03.14"]

1. d4 Nf6 2. c4 e6 3. Nc3 Bb4 4. e3 b6 5. Bd3 Bb7 6. Nf3 Ne4 7. O-O Bxc3 8.
bxc3 O-O 9. Ba3 d6 10. c5 f5 11. cxd6 cxd6 12. c4 Nd7 13. d5 exd5 14. Nd4 Qe7
15. cxd5 Bxd5 16. f3 Nec5 17. Re1 Be6 18. Bb5 Ne5 19. Rc1 Bxa2 20. Qd2 Bd5 21.
f4 Ned7 22. Nc6 Bxc6 23. Bxc6 Rad8 24. Qd5+ Kh8 25. Rcd1 Nb8 26. Bb5 Rf6 27.
Bb2 Rff8 28. Bd3 Nxd3 29. Rxd3 Na6 30. Qc4 Nc5 31. Rd5 Qe4 32. Qc3 Qe7 33. Qc4
Rc8 34. Qd4 Ne4 35. Re2 Rc5 36. h3 Qf7 37. Rxf5 Rxf5 38. Qxe4 Qd5 39. Qc2 Qc5
40. Qe4 d5 41. Qd4 Qxd4 42. Bxd4 Rc8 43. g4 Rf7 44. Be5 b5 45. h4 b4 46. h5 Kg8
47. g5 b3 48. Rd2 Rc1+ 0-1

[Event "72. Bulgaria ch"]
[Site "Plovdiv BUL"]
[Date "2008.03.23"]
[Round "12.6"]
[White "Vasilev, Milen"]
[Black "Radulski, Julian"]
[Result "1/2-1/2"]
[WhiteElo "2470"]
[BlackElo "2511"]
[PlyCount "61"]
[EventDate "2008.03.14"]
[EventType "tourn"]
[EventRounds "13"]
[EventCountry "BUL"]
[EventCategory "8"]
[Source "lmi"]
[SourceDate "2008.03.14"]

1. d4 d5 2. c4 e6 3. Nc3 Nf6 4. cxd5 exd5 5. Bg5 Be7 6. e3 O-O 7. Bd3 c6 8. Qc2
Nbd7 9. Nf3 Re8 10. O-O Nf8 11. h3 Be6 12. Rab1 Nh5 13. Bxe7 Rxe7 14. b4 Rc8
15. Bf5 Nf6 16. Ne5 Bxf5 17. Qxf5 Ne8 18. a4 Nd6 19. Qc2 Nd7 20. Nxd7 Qxd7 21.
Qd3 Ne4 22. Nxe4 Rxe4 23. b5 c5 24. dxc5 Rxc5 25. Rbc1 Rec4 26. Rxc4 Rxc4 27.
Rd1 Rxa4 28. Qxd5 Qxd5 29. Rxd5 Kf8 30. Rd7 b6 31. g3 1/2-1/2

[Event "72. Bulgaria ch"]
[Site "Plovdiv BUL"]
[Date "2008.03.24"]
[Round "13.1"]
[White "Nikolov, Momchil"]
[Black "Kozhuharov, Spas"]
[Result "1-0"]
[WhiteElo "2500"]
[BlackElo "2456"]
[PlyCount "182"]
[EventDate "2008.03.14"]
[EventType "tourn"]
[EventRounds "13"]
[EventCountry "BUL"]
[EventCategory "8"]
[Source "lmi"]
[SourceDate "2008.03.14"]

1. Nf3 Nf6 2. c4 c5 3. d4 cxd4 4. Nxd4 b6 5. Nc3 Bb7 6. f3 d6 7. e4 e6 8. Be3
a6 9. Be2 Nbd7 10. O-O Be7 11. Qd2 O-O 12. Rac1 Rc8 13. a3 Qc7 14. b4 Rfe8 15.
Rfd1 Qb8 16. Bf1 Bd8 17. Kh1 Bc7 18. Bg1 Ne5 19. Nb3 h6 20. Na4 Bc6 21. Nc3 Bb7
22. Nd4 Bd8 23. Na4 Nfd7 24. Rc2 Qa8 25. Nb3 Bc6 26. Nb2 Be7 27. Be3 Bf8 28.
Qf2 Qb8 29. Nd4 Bb7 30. Rdc1 Ba8 31. Qg3 Ng6 32. Qf2 Nge5 33. Nd3 Nxd3 34. Bxd3
g6 35. Bf1 Bg7 36. Qd2 Kh7 37. Rd1 Ne5 38. Qf2 Red8 39. Rdc1 Re8 40. Nb3 Nd7
41. Rd2 Bc6 42. Nd4 Bb7 43. Nb3 Bc6 44. Bf4 Ne5 45. h3 Ba4 46. Qe3 b5 47. c5
Bxb3 48. Qxb3 dxc5 49. bxc5 Rc6 50. Rdc2 Qc8 51. a4 bxa4 52. Qxa4 Rd8 53. Qa3
Rd7 54. Qa5 Qd8 55. Qa4 Qc8 56. Be2 g5 57. Bg3 Ng6 58. Qa3 Be5 59. Bxe5 Nxe5
60. Qe3 Qd8 61. Rf1 Ng6 62. g3 Qf6 63. Kg2 Rb7 64. Rfc1 a5 65. Kf2 a4 66. Qc3
Ne5 67. Qe3 Kg7 68. Rc3 Rb2 69. R3c2 Rb3 70. Rc3 Rb2 71. R3c2 Rb4 72. Rc3 h5
73. Kg2 Ng6 74. Rc4 Rxc4 75. Rxc4 h4 76. e5 Qf5 77. Rg4 Kh6 78. gxh4 Nf4+ 79.
Kf2 Nxh3+ 80. Kg2 Nf4+ 81. Kg3 Nxe2+ 82. Qxe2 gxh4+ 83. Rxh4+ Kg7 84. Rf4 Qh5
85. Rxa4 Rxc5 86. Rg4+ Kf8 87. Re4 Rc1 88. Qe3 Qg6+ 89. Rg4 Qb1 90. Qh6+ Ke8
91. Qd2 Rf1 1-0

[Event "72. Bulgaria ch"]
[Site "Plovdiv BUL"]
[Date "2008.03.24"]
[Round "13.2"]
[White "Radulski, Julian"]
[Black "Rusev, Krasimir"]
[Result "1-0"]
[WhiteElo "2511"]
[BlackElo "2521"]
[PlyCount "153"]
[EventDate "2008.03.14"]
[EventType "tourn"]
[EventRounds "13"]
[EventCountry "BUL"]
[EventCategory "8"]
[Source "lmi"]
[SourceDate "2008.03.14"]

1. e4 e6 2. d4 d5 3. e5 c5 4. c3 Qb6 5. Nf3 Nc6 6. a3 c4 7. Nbd2 Na5 8. Be2 Bd7
9. O-O O-O-O 10. Rb1 Kb8 11. b3 cxb3 12. c4 Ba4 13. c5 Qc7 14. Bb2 Ne7 15. Bd3
Nec6 16. Qe2 Be7 17. Rbc1 g5 18. Nb1 g4 19. Nfd2 h5 20. f4 b6 21. Kh1 Nxd4 22.
Bxd4 bxc5 23. Bb5 Bxb5 24. Qxb5+ Qb6 25. Rxc5 Bxc5 26. Qxc5 Qxc5 27. Bxc5 Ka8
28. Kg1 Rc8 29. Bb4 Nc6 30. Nxb3 Nxb4 31. axb4 Rb8 32. f5 Rxb4 33. fxe6 fxe6
34. Nc5 Rc4 35. Nxe6 Re8 36. Nf4 Rxe5 37. Na3 Ra4 38. Nd3 Re8 39. Nb5 Rc8 40.
Nd6 Rb8 41. Nc5 Ra2 42. Ne6 Rc2 43. Nd4 Rc5 44. Rf7 h4 45. Kf2 a6 46. Ke3 Rc1
47. Kd2 Ra1 48. Nc6 Rb2+ 49. Kc3 Rc1+ 50. Kxb2 Rxc6 51. Rd7 h3 52. g3 Kb8 53.
Nf5 Re6 54. Nd4 Rf6 55. Re7 Rf2+ 56. Re2 Rf1 57. Nc6+ Kc7 58. Ne5 Kd6 59. Nxg4
Rg1 60. Kc3 Rg2 61. Re8 a5 62. Rh8 a4 63. Rxh3 Kc5 64. Rh8 d4+ 65. Kd3 a3 66.
Ra8 a2 67. Nf6 Rxh2 68. Ne4+ Kb4 69. Kxd4 Kb3 70. Nc5+ Kb2 71. Nd3+ Kb1 72.
Rb8+ Ka1 73. Rf8 Rh1 74. Nb4 Rg1 75. Rf3 Kb2 76. Nxa2 Kxa2 77. Ke4 1-0

[Event "72. Bulgaria ch"]
[Site "Plovdiv BUL"]
[Date "2008.03.24"]
[Round "13.3"]
[White "Lilov, Valeri"]
[Black "Vasilev, Milen"]
[Result "0-1"]
[WhiteElo "2323"]
[BlackElo "2470"]
[PlyCount "146"]
[EventDate "2008.03.14"]
[EventType "tourn"]
[EventRounds "13"]
[EventCountry "BUL"]
[EventCategory "8"]
[Source "lmi"]
[SourceDate "2008.03.14"]

1. e4 e5 2. Nf3 Nc6 3. Nc3 Bc5 4. Nxe5 Nxe5 5. d4 Bd6 6. dxe5 Bxe5 7. Bd2 Nf6
8. Bd3 O-O 9. O-O Re8 10. f4 Bd4+ 11. Kh1 d6 12. Qf3 Bd7 13. Rae1 h5 14. Qg3 c5
15. h3 h4 16. Qf3 Bc6 17. b3 d5 18. exd5 Rxe1 19. Bxe1 Nxd5 20. Nxd5 Bxd5 21.
Qh5 g6 22. Qg4 Qd6 23. f5 Kg7 24. Bxh4 Re8 25. f6+ Kf8 26. Bg5 Kg8 27. Qh4 Qc6
28. Qg4 Re5 29. Bh4 Re3 30. Bf2 Be6 31. Qg5 Rxh3+ 32. Kg1 Rh5 33. Qd2 Bxf6 34.
Be2 Rd5 35. Qf4 Be5 36. Qh6 Qd6 37. Be3 Bd4 38. Bxd4 Rxd4 39. Bd3 Qg3 40. Rf3
Qe1+ 41. Rf1 Qg3 42. Rf3 Qe1+ 43. Rf1 Qh4 44. Qe3 Qh5 45. Rf3 Rh4 46. Rg3 Bg4
47. Qf4 Kg7 48. Kf2 b6 49. Re3 Be6 50. Qc7 Qg4 51. Qe7 Qd4 52. c3 Qf6+ 53.
Qxf6+ Kxf6 54. Be4 Rh1 55. Re2 Rc1 56. c4 Ra1 57. Kg3 Kg5 58. Kf2 Bg4 59. Bf3
f5 60. Bxg4 Kxg4 61. a4 Kf4 62. Re7 Ra2+ 63. Kf1 g5 64. Rxa7 Kg3 65. Rb7 f4 66.
Rxb6 Rf2+ 67. Ke1 Rxg2 68. a5 Ra2 69. a6 f3 70. Rf6 f2+ 71. Kf1 Ra1+ 72. Ke2
Re1+ 73. Kd2 f1=Q 0-1

[Event "72. Bulgaria ch"]
[Site "Plovdiv BUL"]
[Date "2008.03.24"]
[Round "13.4"]
[White "Arnaudov, G. Petar"]
[Black "Iotov, Valentin"]
[Result "0-1"]
[WhiteElo "2345"]
[BlackElo "2485"]
[PlyCount "60"]
[EventDate "2008.03.14"]
[EventType "tourn"]
[EventRounds "13"]
[EventCountry "BUL"]
[EventCategory "8"]
[Source "lmi"]
[SourceDate "2008.03.14"]

1. e4 c5 2. c3 d5 3. exd5 Qxd5 4. Nf3 Nc6 5. d4 Bg4 6. Be2 cxd4 7. cxd4 e6 8.
Nc3 Bb4 9. O-O Qa5 10. h3 Bxf3 11. Bxf3 Nge7 12. Bd2 O-O 13. a3 Bxc3 14. bxc3
Rfd8 15. Qb3 Qc7 16. Bg5 Rd7 17. Rab1 Na5 18. Qa4 Nd5 19. Rfc1 Nc4 20. Be2 Ndb6
21. Qb4 Rc8 22. Rd1 Nd5 23. Qb3 Na5 24. Qb2 Nxc3 25. Rbc1 Nb3 26. Qxb3 Nxe2+
27. Kh1 Nxc1 28. Rxc1 Qb8 29. Rxc8+ Qxc8 30. Qg3 Kh8 0-1

[Event "72. Bulgaria ch"]
[Site "Plovdiv BUL"]
[Date "2008.03.24"]
[Round "13.5"]
[White "Tsvetkov, Ilia"]
[Black "Milchev, Nikolay"]
[Result "1-0"]
[WhiteElo "2352"]
[BlackElo "2373"]
[PlyCount "95"]
[EventDate "2008.03.14"]
[EventType "tourn"]
[EventRounds "13"]
[EventCountry "BUL"]
[EventCategory "8"]
[Source "lmi"]
[SourceDate "2008.03.14"]

1. c4 e5 2. Nc3 Nc6 3. Nf3 g6 4. d4 exd4 5. Nxd4 Bg7 6. Nxc6 bxc6 7. g3 Nf6 8.
Bg2 O-O 9. O-O Re8 10. Qc2 a5 11. Rd1 Qe7 12. Bf4 Ra7 13. Rac1 h6 14. h3 g5 15.
Be3 Ra6 16. c5 Ra8 17. Qa4 Ba6 18. Rd2 Bc8 19. h4 Nh7 20. hxg5 Nxg5 21. Qh4 Rb8
22. Qa4 Rb4 23. Qxa5 Rg4 24. Bf4 Ne6 25. e3 Nxf4 26. exf4 Rxg3 27. Qxc7 Bxc3
28. bxc3 Rg4 29. Qe5 Qf8 30. Qd4 f5 31. f3 Rg6 32. Kh2 Kh7 33. Bh3 Re7 34. Rg1
Rxg1 35. Qxg1 Ba6 36. Qd4 Be2 37. Kg3 Qf7 38. Qd6 Bc4 39. Bxf5+ Kg7 40. Qxe7
Qxe7 41. Rxd7 Qxd7 42. Bxd7 Bb5 43. Kg4 Kf6 44. Kh5 Kg7 45. f5 Bc4 46. Bxc6
Bxa2 47. Bd7 Bd5 48. c6 1-0

[Event "72. Bulgaria ch"]
[Site "Plovdiv BUL"]
[Date "2008.03.24"]
[Round "13.6"]
[White "Spasov, Vasil"]
[Black "Mladenov, Plamen"]
[Result "1-0"]
[WhiteElo "2579"]
[BlackElo "2288"]
[PlyCount "99"]
[EventDate "2008.03.14"]
[EventType "tourn"]
[EventRounds "13"]
[EventCountry "BUL"]
[EventCategory "8"]
[Source "lmi"]
[SourceDate "2008.03.14"]

1. e4 c5 2. Nf3 d6 3. d4 cxd4 4. Nxd4 Nf6 5. Nc3 Nc6 6. Be2 e5 7. Nf3 h6 8. O-O
Be7 9. Re1 O-O 10. h3 Be6 11. Bf1 Rc8 12. Nd5 Bxd5 13. exd5 Nb4 14. c4 a5 15.
a3 Na6 16. Bd2 Nd7 17. b4 f5 18. c5 dxc5 19. b5 Nab8 20. Nxe5 Nxe5 21. Rxe5 Bf6
22. Rxf5 Bxa1 23. Rxf8+ Qxf8 24. Qxa1 c4 25. Qd4 Nd7 26. d6 Qf7 27. Bxa5 b6 28.
Bc3 Kh8 29. Be2 Rc5 30. Qe4 Nf6 31. Qf4 Qe6 32. Bf3 Rf5 33. Qe3 Qxd6 34. a4 Qf4
35. Bd4 Qxe3 36. fxe3 Nd7 37. Bg4 Rd5 38. Be6 Rd6 39. Bxc4 Kh7 40. Kf2 Kg6 41.
Kf3 Nf6 42. Kf4 Nd7 43. g4 Kh7 44. h4 g6 45. g5 hxg5+ 46. hxg5 Nf8 47. Ke4 Nd7
48. Bd5 Nf8 49. Bc6 Rd8 50. Bxb6 1-0